Retailing
Gespeichert in:
| 1. Verfasser: | |
|---|---|
| Weitere Verfasser: | |
| Format: | Buch |
| Sprache: | Englisch |
| Veröffentlicht: |
Cambridge
Winthrop Publ.
1980
|
| Ausgabe: | 1. ed. |
| Schlagworte: | |
| Tags: |
Keine Tags, Fügen Sie das erste Tag hinzu!
|
MARC
| LEADER | 00000nam a2200000 4500 | ||
|---|---|---|---|
| 001 | c010513 | ||
| 005 | 20221207074123.6 | ||
| 020 | |a 0-87626-761-4 | ||
| 041 | 0 | |a eng | |
| 044 | |a US | ||
| 245 | 1 | 0 | |a Retailing |c A.Edward Spitz, Alan B. Flaschner |
| 250 | |a 1. ed. | ||
| 264 | 1 | |a Cambridge |b Winthrop Publ. |c 1980 | |
| 300 | |a 449 s. | ||
| 610 | 2 | 0 | |a maloobchod |
| 610 | 2 | 0 | |a podnikanie drobné |
| 610 | 2 | 0 | |a podnikanie obchodné |
| 610 | 2 | 0 | |a zákazníci |
| 610 | 2 | 0 | |a spotrebitelia |
| 610 | 2 | 0 | |a správanie |
| 610 | 2 | 0 | |a manažment personálny |
| 610 | 2 | 0 | |a predaj |
| 610 | 2 | 0 | |a propagácia |
| 610 | 2 | 0 | |a štúdie prípadové |
| 100 | 1 | |a Spitz, A.Edward | |
| 700 | 1 | |a Flaschner, Alan B. | |